15 Largest Cities in Lithuania🇱🇹 - Statistics

General Stats
  • This quiz has been taken 81 times
  • The average score is 7 of 15
Answer Stats
Population City % Correct
542k Vilnius
100%
374k Kaunas
92%
192k Klaipeda
83%
130k Siauliai
71%
117k Panevezys
63%
47k Marijampole
54%
70k Alytus
52%
33k Utena
50%
34k Jonava
33%
41k Mazeikiai
31%
31k Kedainiai
25%
61k Eiguliai
2%
39k Fabijoniskes
2%
33k Pasilaiciai
2%
40k Silainiai
2%
No matching quizzes found
Score Distribution
Percent of People with Each Score
Percentile by Number Answered
Your Score History
You have not taken this quiz